[Event "FRM-ch op"]
[Site "Skopje"]
[Date "2022.04.29"]
[Round "1"]
[White "Nikolovski, Kiril"]
[Black "Miskoski, Misko"]
[Result "1/2-1/2"]
[WhiteElo "1237"]
[BlackElo "1956"]
[PlyCount "97"]
[EventDate "2022.04.29"]
[EventType "swiss"]
[EventRounds "9"]
[EventCountry "MKD"]
[SourceTitle "CBM 208 Extra"]
[Source "ChessBase"]
[SourceDate "2022.07.31"]
[SourceVersion "1"]
[SourceVersionDate "2022.07.31"]
[SourceQuality "1"]

1. e4 c5 2. Nc3 Nc6 3. f4 d6 4. Bb5 a6 5. Bxc6+ bxc6 6. Nf3 Nf6 7. d3 g6 8. 0-0 Bg7 9. Qe1 Bg4 10. h3 Bxf3 11. Rxf3 0-0 12. f5 Nd7 13. Qh4 e6 14. Bg5 Qb6 15. Nd1 c4+ 16. Be3 Qd8 17. Qxd8 Rfxd8 18. fxe6 fxe6 19. d4 Rab8 20. c3 Nf6 21. Bg5 Rf8 22. Bxf6 Bxf6 23. Ne3 d5 24. exd5 exd5 25. Raf1 Bg7 26. Rxf8+ Bxf8 27. Rf2 Bh6 28. Nd1 Kg7 29. g4 Bc1 30. Re2 Kf6 31. h4 g5 32. h5 Rb7 33. Kg2 a5 34. a3 Re7 35. Rxe7 Kxe7 36. a4 Kd6 37. Kf2 c5 38. Ke2 h6 39. Kf2 Kc6 40. Ke2 Kd6 41. Kf2 Ke6 42. Ke2 cxd4 43. cxd4 Bf4 44. Kf2 Bc1 45. Ke2 Bf4 46. Kf3 Bh2 47. Kg2 Bf4 48. Kf3 Bc1 49. Ke2 1/2-1/2

[Event "EU-ch Hybrid U12"]
[Site "Tornelo INT"]
[Date "2021.10.15"]
[Round "1"]
[White "Garsky, Vladyslav"]
[Black "Nikolovski, Kiril"]
[Result "1-0"]
[WhiteElo "1724"]
[BlackElo "1293"]
[PlyCount "111"]
[EventDate "2021.10.15"]
[EventType "swiss"]
[EventRounds "9"]
[EventCountry "NET"]
[SourceTitle "EXT 2023"]
[Source "ChessBase"]
[SourceDate "2022.10.05"]
[SourceVersion "1"]
[SourceVersionDate "2022.10.05"]
[SourceQuality "1"]
[WhiteTeam "Ukraine"]
[BlackTeam "Macedonia"]
[WhiteTeamCountry "UKR"]
[BlackTeamCountry "MKD"]

1. e4 d5 2. exd5 Nf6 3. d4 Nxd5 4. Nf3 Bg4 5. Be2 Nc6 6. 0-0 e6 7. c4 Nb6 8. Be3 Bxf3 9. Bxf3 Nxc4 10. Qa4 Nb6 11. Bxc6+ bxc6 12. Qxc6+ Qd7 13. Qe4 Qd5 14. Qc2 Bb4 15. Qxc7 0-0 16. Qc2 Rfc8 17. Qd3 Qc4 18. Qxc4 Nxc4 19. a3 Be7 20. Ra2 Nxe3 21. fxe3 Rc2 22. Nc3 Rb8 23. Nd1 Bg5 24. Re1 Rb3 25. Kf1 a5 26. Ra1 Rd3 27. Re2 Rdd2 28. Rxd2 Rxd2 29. b4 Bd8 30. b5 Bb6 31. Rc1 Kf8 32. Nc3 Rb2 33. Rb1 Rxb1+ 34. Nxb1 Bc7 35. h3 Bd6 36. Ke2 Ke7 37. Kd3 Kd7 38. a4 Bb4 39. Nc3 h6 40. Kc4 Kd6 41. Ne4+ Kc7 42. Nc5 Kb6 43. e4 Ba3 44. Nd7+ Kc7 45. Ne5 f6 46. Nc6 Kb6 47. Nd8 e5 48. dxe5 fxe5 49. Nc6 Bb2 50. Kd5 Bc3 51. Nxe5 Kc7 52. Nc6 Be1 53. e5 Bd2 54. e6 Be3 55. Nxa5 Bb6 56. Nc6 1-0

[Event "EU-ch Hybrid U12"]
[Site "Tornelo INT"]
[Date "2021.10.15"]
[Round "7"]
[White "Nikolovski, Kiril"]
[Black "Cruceru Uceanu, Tudor Mihai"]
[Result "0-1"]
[WhiteElo "1293"]
[BlackElo "1479"]
[PlyCount "70"]
[EventDate "2021.10.15"]
[EventType "swiss"]
[EventRounds "9"]
[EventCountry "NET"]
[SourceTitle "EXT 2023"]
[Source "ChessBase"]
[SourceDate "2022.10.05"]
[SourceVersion "1"]
[SourceVersionDate "2022.10.05"]
[SourceQuality "1"]
[WhiteTeam "Macedonia"]
[BlackTeam "Romania"]
[WhiteTeamCountry "MKD"]
[BlackTeamCountry "ROU"]

1. e4 e5 2. Nf3 Nc6 3. Bc4 Bc5 4. c3 Nf6 5. d4 exd4 6. e5 d5 7. Bb5 Ne4 8. cxd4 Bb6 9. Nbd2 0-0 10. Bxc6 bxc6 11. Qc2 Nxd2 12. Bxd2 Bg4 13. Be3 Ba5+ 14. Nd2 f6 15. Qxc6 fxe5 16. dxe5 Kh8 17. Qa4 Bxd2+ 18. Bxd2 d4 19. 0-0 Rb8 20. f3 Bf5 21. Bb4 Re8 22. f4 Qd5 23. Rac1 Bd3 24. Rfd1 Be2 25. Rd2 d3 26. Bc3 c5 27. Qxa7 Ra8 28. Qc7 Rac8 29. Qb6 Re6 30. Qa7 Rg6 31. g3 Qf3 32. Rxe2 dxe2 33. Qd7 Rf8 34. Qe7 Qxf4 35. Bd2 Qf1+ 0-1